Colombia coral (Registro nro. 35788)
[ vista simple ]
| 000 -CABECERA | |
|---|---|
| Longitud fija campo de control | 00707ccm a2200205 i 4500 |
| 003 - • IDENTIFICADOR DELl NÚMERO DE CONTROL | |
| Identificador del número de control | CO-ViMGA |
| 008 - • CÓDIGOS DE INFORMACIÓN DE LONGITUD FIJA | |
| Códigos de información de longitud fija | 150825t20132013ck fmgnfrd n spa d |
| 040 ## - FUENTE DE LA CATALOGACIÓN | |
| Centro catalogador de origen | CO-ViMGA |
| Lengua de catalogación | spa |
| Centro transcriptor | CO-ViMGA |
| 043 ## - CÓDIGO DE ÁREA GEOGRÁFICA | |
| Código de área geográfica | s-ck--- |
| 082 04 - • NÚMERO DE LA CLASIFICACIÓN DECIMAL DEWEY | |
| Número de clasificación (R) | 026c |
| 100 1# - • PUNTO DE ACCESO PRINCIPAL-NOMBRE DE PERSONA | |
| Nombre de persona | Ochoa, Freddy |
| Fechas asociadas al nombre | 1976- |
| Término indicativo de función | compositor |
| 245 10 - • TITULO PROPIAMENTE DICHO | |
| Título | Colombia coral |
| Resto del título | compositores antioqueños |
| Mención de responsabilidad, etc. | Freddy Ochoa y Juan David Osorio |
| 300 ## - • DESCRIPCIÓN FÍSICA | |
| Extensión | 1 partitura (82 páginas) |
| Otras características físicas | ilustraciones, música |
| Dimensiones | 27 cm |
| 500 ## - • NOTA GENERAL | |
| Nota general | XII Festival Coral de Medellín 2013. |
| 650 14 - • PUNTO DE ACCESO ADICIONAL DE MATERIA - TÉRMINO DE MATERIA | |
| Término de materia o nombre geográfico como elemento inicial | Música folclórica colombiana |
| 650 24 - • PUNTO DE ACCESO ADICIONAL DE MATERIA - TÉRMINO DE MATERIA | |
| Término de materia o nombre geográfico como elemento inicial | Música popular colombiana |
| 650 24 - • PUNTO DE ACCESO ADICIONAL DE MATERIA - TÉRMINO DE MATERIA | |
| Término de materia o nombre geográfico como elemento inicial | Música vocal |
| 700 1# - • PUNTO DE ACCESO ADICIONAL - NOMBRE DE PERSONA | |
| Nombre de persona | Osorio, Juan David |
| Fechas asociadas al nombre | 1985- |
| Término indicativo de función | compositor |
| 942 ## - ENTRADA DE ELEMENTOS AGREGADOS (KOHA) | |
| Fuente de clasificaión o esquema | Dewey Decimal Classification |
| Perdido | Fuente de clasificación o esquema | Estado Físico | No para préstamo | Forma de adquisición | Localización permanente | Localización actual | Fecha adquisición | Préstamos totales | Signatura completa | Código de barras | Fecha última consulta | Número de copia | Fecha del precio de reemplazo | Tipo de item de Koha |
|---|---|---|---|---|---|---|---|---|---|---|---|---|---|---|
| Dewey Decimal Classification | Sala General Segundo Piso | Biblioteca Pública Germán Arciniegas - Villavicencio | Biblioteca Pública Germán Arciniegas - Villavicencio | 08/27/2016 | 026c | 30348 | 08/27/2016 | Ej.1 | 08/27/2016 | LIbro |